Подробности
| 000 -МАРКЕР |
| контрольное поле |
02788nam0a2200409 4500 |
| 001 - ИДЕНТИФИКАТОР ЗАПИСИ |
| контрольное поле |
RU\NLR\bibl\1222572 |
| 005 - ИДЕНТИФИКАТОР ВЕРСИИ |
| контрольное поле |
20260408130339.0 |
| 010 ## - МЕЖДУНАРОДНЫЙ СТАНДАРТНЫЙ НОМЕР КНИГИ (ISBN) |
| Номер (ISBN) |
5-201-11134-3 |
| Тираж |
1000 |
| 021 ## - НОМЕР ГОСУДАРСТВЕННОЙ РЕГИСТРАЦИИ |
| Код страны |
Российская Федерация |
| Номер |
2008-32912 |
| Номер Листа государственной регистраци |
1811 |
| 035 ## - ДРУГИЕ СИСТЕМНЫЕ НОМЕРА |
| Идентификатор записи |
(NLR Aleph) 001208910 |
| 100 ## - ДАННЫЕ ОБЩЕЙ ОБРАБОТКИ |
| Данные общей обработки |
20080505d2007 |||y0rusy50 ca |
| 101 0# - ЯЗЫК РЕСУРСА |
| Язык текста, звукозаписи и т.д. |
русский |
| Язык резюме |
английский |
| 102 ## - СТРАНА ПУБЛИКАЦИИ ИЛИ ПРОИЗВОДСТВА |
| Страна публикации |
Российская Федерация |
| 105 ## - ПОЛЕ КОДИРОВАННЫХ ДАННЫХ: ТЕКСТОВЫЕ МАТЕРИАЛЫ, МОНОГРАФИЧЕСКИЕ |
| Кодированные данные о монографическом текстовом документе |
a ||||||||| |
| 200 1# - ЗАГЛАВИЕ И СВЕДЕНИЯ ОБ ОТВЕТСТВЕННОСТИ |
| Основное заглавие |
Природа Елагина острова |
| Первые сведения об ответственности |
[геоботаник Т.В. Бибикова, териолог, к.б.н. А.Г. Бубличенко, геоботаник-картограф, к.б.н. Е.А. Волкова и др. |
| Последующие сведения об ответственности |
ред. Е.А. Волкова] |
| -- |
Ком. по природопользованию, охране окружающей среды и обеспечению экол. безопасности Правительства Санкт-Петербурга, Дирекция особо охраняемых природ. территорий Санкт-Петербурга [и др.] |
| 210 ## - ПУБЛИКАЦИЯ, РАСПРОСТРАНЕНИЕ И ДР. |
| Место издания, распространения и т.д. |
Санкт-Петербург |
| Имя издателя, распространителя и т. д. |
[б. и.] |
| Дата издания, распространения и т.д. |
2007 |
| 215 ## - ФИЗИЧЕСКАЯ ХАРАКТЕРИСТИКА |
| Специфическое обозначение материала и объем |
106, [1] с., XXXIV л. цв. ил. |
| Другие сведения о физической характеристике |
ил. |
| Размеры |
28 |
| 300 ## - ОБЩИЕ ПРИМЕЧАНИЯ |
| Текст примечания |
Авт. указаны на обороте тит. л. |
| 300 ## - ОБЩИЕ ПРИМЕЧАНИЯ |
| Текст примечания |
В надзаг. также: С.-Петерб. науч. центр Рос. акад. наук, Ботан. ин-т им. им. В.Л. Комарова РАН, Зоол. ин-т РАН, С.-Петерб. гос. ун-т |
| 300 ## - ОБЩИЕ ПРИМЕЧАНИЯ |
| Текст примечания |
Рез. на англ. яз. |
| 320 ## - ПРИМЕЧАНИЯ О НАЛИЧИИ В ДОКУМЕНТЕ БИБЛИОГРАФИИ / УКАЗАТЕЛЯ |
| Текст примечания |
Библиогр.: с. 99-100 |
| 606 1# - НАИМЕНОВАНИЕ ТЕМЫ КАК ПРЕДМЕТ |
| Наименование темы |
Живая природа |
| Географический подзаголовок |
Елагин остров (Санкт-Петербург) |
| Системный номер авторитетной/нормативной записи |
2515124 |
| Идентификатор авторитетной/нормативной записи |
RU\NLR\auth\661490746 |
| 686 ## - ИНДЕКСЫ ДРУГИХ КЛАССИФИКАЦИЙ |
| Индекс |
Е085(2Р31-4Ле-2) |
| 701 #1 - ИМЯ ЛИЦА - АЛЬТЕРНАТИВНАЯ ОТВЕТСТВЕННОСТЬ |
| Код отношения |
Автор |
| Материалы, к которым относится поле |
rus |
| Графика поля |
Кириллица |
| Начальный элемент ввода |
Бибикова |
| Часть имени, кроме начального элемента ввода |
Т. В. |
| Дополнения к именам, кроме дат |
канд. биол. наук |
| Даты |
1944- |
| Расширение инициалов личного имени |
Татьяна Васильевна |
| Идентификатор авторитетной/нормативной записи |
RU\NLR\auth\7765483 |
| Системный номер авторитетной/нормативной записи |
48412 |
| 701 #1 - ИМЯ ЛИЦА - АЛЬТЕРНАТИВНАЯ ОТВЕТСТВЕННОСТЬ |
| Код отношения |
Автор |
| Материалы, к которым относится поле |
rus |
| Графика поля |
Кириллица |
| Начальный элемент ввода |
Бубличенко |
| Часть имени, кроме начального элемента ввода |
А. Г. |
| Расширение инициалов личного имени |
Андрей Георгиевич |
| Идентификатор авторитетной/нормативной записи |
RU\NLR\auth\7765609 |
| Системный номер авторитетной/нормативной записи |
48538 |
| 701 #1 - ИМЯ ЛИЦА - АЛЬТЕРНАТИВНАЯ ОТВЕТСТВЕННОСТЬ |
| Код отношения |
Автор |
| Материалы, к которым относится поле |
rus |
| Графика поля |
Кириллица |
| Начальный элемент ввода |
Волкова |
| Часть имени, кроме начального элемента ввода |
Е. А. |
| Дополнения к именам, кроме дат |
канд. биол. наук |
| Расширение инициалов личного имени |
Елена Анатольевна |
| Идентификатор авторитетной/нормативной записи |
RU\NLR\auth\7765220 |
| Системный номер авторитетной/нормативной записи |
48149 |
| 702 #1 - ИМЯ ЛИЦА - ВТОРИЧНАЯ ОТВЕТСТВЕННОСТЬ |
| Код отношения |
Редактор |
| Материалы, к которым относится поле |
rus |
| Графика поля |
Кириллица |
| Начальный элемент ввода |
Волкова |
| Часть имени, кроме начального элемента ввода |
Е. А. |
| Дополнения к именам, кроме дат |
канд. биол. наук |
| Расширение инициалов личного имени |
Елена Анатольевна |
| Идентификатор авторитетной/нормативной записи |
RU\NLR\auth\7765220 |
| Системный номер авторитетной/нормативной записи |
48149 |
| 712 02 - НАИМЕНОВАНИЕ ОРГАНИЗАЦИИ - ВТОРИЧНАЯ ОТВЕТСТВЕННОСТЬ |
| Код отношения |
Прочие |
| Начальный элемент ввода |
Дирекция особо охраняемых природных территорий Санкт-Петербурга |
| Идентификатор авторитетной/нормативной записи |
RU\NLR\AUTH\880484032 |
| Системный номер авторитетной/нормативной записи |
628490 |
| 801 #0 - ИСТОЧНИК ЗАПИСИ |
| Страна |
Российская Федерация |
| Организация |
NLR |
| Дата составления |
20080505 |
| Правила каталогизации |
RCR |
| 801 #1 - ИСТОЧНИК ЗАПИСИ |
| Страна |
Российская Федерация |
| Организация |
NLR |
| Дата составления |
20080505 |
| 830 ## - ОБЩЕЕ ПРИМЕЧАНИЕ, СОСТАВЛЕННОЕ КАТАЛОГИЗАТОРОМ |
| Текст примечания |
авт. по кн. |
| 942 ## - ДОПОЛНИТЕЛЬНЫЕ ЭЛЕМЕНТЫ ЗАПИСИ (АБИС) |
| Тип экземпляра АБИС |
Книга |
| 980 ## - КОЛЛЕКЦИЯ |
| Название коллекции |
Национальная библиография |
| 981 43 - КОЛЛЕКЦИЯ ЭЛЕКТРОННОЙ БИБЛИОТЕКИ |
| Название коллекции |
Тематическая подборка Санкт-Петербург |
| Название подколлекции |
География. Природная среда. Экология |